Responsabilidade objetiva e subjetiva do empregador em face do cd̤igo civil

Detalles Bibliográficos
Formato: Libro
Lenguaje:español
Publicado: Sô Paulo LTR Editora 2015
Materias:
Acceso en línea:Acceso restringido

MARC

LEADER 00000nam a22000007a 4500
005 20151203092944.0
007 cr|z|| ||u|
008 151203s sp ||||| |||| 00||0 spa d
020 |a 978-85-361-8608-5 
035 |a 12947 
040 |a vLex 
090 |c 5708  |d 5708 
245 1 0 |a Responsabilidade objetiva e subjetiva do empregador em face do cd̤igo civil  |h [Recurso electrn̤ico] /  |c LTR Editora 
256 |a Servicio en ln̕ea 
260 |a Sô Paulo   |b LTR Editora  |c 2015 
300 |a 1 recurso electrn̤ico 
500 |a Obra jurd̕ica indispensv̀el para consulta tčnica dos profissionais do direito, especialmente advogados, magistrados, procuradores e acadm̊icos que se preparam para a prova da OAB (Ordem dos Advogados do Brasil) e para concursos pb︢licos na r̀ea da Magistratura Trabalhista e do Ministřio Pb︢lico do Trabalho, totalmente revisada e ampliada, com acr̤dôs recentes e recorrentes, alguns deles de relatoria do prp̤rio autor, como magistrado de 2ð. Grau no Tribunal Regional do Trabalho da 1®. Regiô, bem como de sua experin̊cia profissional anterior como Procurador do Trabalho do Ministřio Pb︢lico do Trabalho, entre os quais: execuȯ̂ de bens particulares de sc̤ios, ex-sc̤ios e administradores, desconsideraȯ̂ da pessoa jurd̕ica, responsabilidade objetiva da Administraȯ̂ Pb︢lica, reintegraȯ̂ de servidores pb︢licos dispensados sem o preenchimento dos requisitos legais, intervenȯ̂ do MPT nas lides, envolvendo menores, Aȯ̂ Civil Pb︢lica e o meio ambiente laboral, liquidaȯ̂ de sentenȧ genřica oriunda de Aȯ̂ Civil Coletiva de autoria do MPT, direito de greve do Servidor Pb︢lico Estatutr̀io, improbidade administrativa de prefeitos, nos concursos pb︢licos de provas e tt̕ulos, prescriȯ̂ de direitos difusos, coletivos e individuais homogn̊eos. O Autor ̌Desembargador Federal do Trabalho do Tribunal Regional do Trabalho da 1®. Regiô (Rio de Janeiro), ex-procurador do trabalho do Ministřio Pb︢lico do Trabalho (PRT 2®. Regiô-SP) e Professor Associado da Faculdade de Direito da Universidade de Sô Paulo (USP). 
506 1 |a Contenido solo disponible en los productos indicados  |d vLex Global  |d vLex Global (Academic Edition, excluding Law Schools)  |d vLex Global (U.S. Academic Edition, Law Schools)  |d vLex Global (U.S. Academic Edition, excluding Law Schools)  |d vLex Global (Academic Edition, Law Schools) 
650 0 4 |a Cd̤igo Civil  |z Sao Paulo 
740 0 |a vLex libros (servicio en ln̕ea) 
856 4 0 |u http://vlex.com/source/responsabilidade-objetiva-e-subjetiva-do-empregador-em-face-do-codigo-civil-12947  |z Acceso restringido  
942 |c BOOK 
999 0 |a Civil law